000 00736nam a2200265Ia 4500
003 OSt
005 20221005052518.0
006 a|||||r|||| 00| 0
007 ta
008 221004b |||||||| |||| 00| 0 eng d
020 _a1857151321
024 _a26721
037 _cTextual
040 _aCRL
_cCRL
_beng
041 _2eng
_aeng
082 _aO111973,3M50,A, N2
100 _aChopin Kate
245 0 _aAwakening
_b A solitary soul with an introduction by Elaine Showalter
260 _aLondon
_bDavid Campbell
_c1992
300 _a221p.
_ccm.
650 _a AMERICAN LITERATURE
650 _aENGLISH FICTION
942 _hO111973,3M50,A, N2
_cTEXL
_2cc
999 _c960526
_d960526